LEADER 00993nam a2200265 i 4500 001 000000151842 003 CaOOAMICUS 005 20060713000000.0 008 060713s1977 it u000 u ita u 013 $a129183 040 $aSeMil$bita 100 1 $aHuxley, Aldous,$d<1894-1963>.$0(OLS)http://semarc/name/17328 245 12$aL'isola /$cAldous Huxley ; traduzione di Bruno Oddera. 260 $aMilano :$bArnoldo Mondadori Editore,$c1977. 300 $a327 p. ;$c19 cm. 490 0 $aOscar Mondadori ;$v778 500 $aFondo Ciprandi. 700 1 $aOddera, Bruno,$d<1917-1988>.$0(OLS)http://semarc/name/7612 830 0$aOscar ;$v778.$0(OLS)http://semarc/title/8669 850 $aSeMil 852 $aSeMil$W1$xVenegono$y1$m1V II 178$j103821$B103821$CSeMilBibl$Z2$F112860 $81 941 1 $a1 961 $aOmaggio: Ciprandi dott. Paolo 996 $6245$aL'isola$9(OLS)http://semarc/title/221930 996 $6260$aMilano :$bArnoldo Mondadori Editore$9(OLS)http://semarc/publisher/30056 LEADER 00833nam a2200229 i 4500 001 000000212196 003 CaOOAMICUS 005 20120329000000.0 008 120329s1950 it u000 u ita u 013 $a191027 040 $aSeMil$bita 240 10$aAs you like it.$0(OLS)http://semarc/title/306435 245 10$aCome vi garba /$cGuglielmo Shakespeare. 260 $aMilano :$bRizzoli,$c1950. 300 $a89 p. ;$c16 cm. 490 0 $aBiblioteca Universale Rizzoli ;$v166. 830 0$aBiblioteca Universale Rizzoli ;$v166.$0(OLS)http://semarc/title/7348 850 $aSeMil 852 $aSeMil$W1$xVenegono$y1$m1V I 158$j162631$B162631$CSeMilBibl$Z2$F187109 $81 961 $aOmaggio: Altro 996 $6245$aCome vi garba$9(OLS)http://semarc/title/306434 996 $6260$aMilano :$bRizzoli$9(OLS)http://semarc/publisher/29824